| 000 | 00367nam a2200145Ia 4500 | ||
|---|---|---|---|
| 008 | 230917s9999||||xx |||||||||||||| ||und|| | ||
| 040 |
_e171022 _aMAIN |
||
| 041 | _aEnglish | ||
| 082 | _a616.0756028 G699H | ||
| 100 | _aGoswami, Chinmoy | ||
| 245 | 0 | _aHandbook of laboratory instrumentation | |
| 260 |
_aNew Delhi _bWisdom _c2010 |
||
| 300 | _a327 p. | ||
| 942 | _cBK | ||
| 999 |
_c156129 _d156129 |
||